00500nam a2200205Ia 4500008004100000020001400041050001400055100001800069245002200087245004000109245001700149260001500166260001600181260000900197300001600206300002700222300001000249440002600259500000900285170918s9999 xx 000 0 und d a59045353x bP511 1993 aPettit, Jayne 2aA place to hide : btrue stories of holocaust rescues / cJane Pettit. aNew York : bScholastic, c1993 a114 pages : bcolored illustration ; c19cm. aScholastic biography. a1120